Retrato en sepia / (Registro nro. 3294)
[ vista simple ]
| 000 -LEADER | |
|---|---|
| fixed length control field | 01460nam a2200193 a 4500 |
| 008 - CAMPO DE CONTROL (LIBRO) | |
| fixed length control field | 161215e2000 ag |||g |||| 00| f spa d |
| 020 ## - INTERNATIONAL STANDARD BOOK NUMBER | |
| ISBN | 9500718863 |
| 041 ## - CODIGO DE IDIOMA | |
| Código de idioma del texto/pista de sonido o título separado | spa |
| 092 ## - SIGNATURA TOPOGRAFICA DEWEY LOCAL | |
| número de clasificación | 808 |
| libristica | 3 |
| sección | ALL |
| 100 1# - ENTRADA PRINCIPAL--NOMBRE PERSONAL | |
| Nombre personal | Allende, Isabel |
| 9 (RLIN) | 3210 |
| 245 ## - TITULO PROPIAMENTE DICHO | |
| Título | Retrato en sepia / |
| Mención de responsabilidad y remanente de la transcripción de la portada | Isabel Allende |
| 250 ## - MENCION DE EDICION | |
| Mención de edición | 1a ed. |
| 260 ## - PIE DE IMPRENTA | |
| Lugar de publicación, distribución, etc | Buenos Aires: |
| Nombre de la editorial, distribuidor, etc | Sudamericana; |
| Fecha de publicación | 2000. |
| 300 ## - DESCRIPCION FISICA | |
| Extension | 344 p. |
| 500 ## - NOTA GENERAL | |
| Nota general | Allende, I. (2000). Retrato en sepia. (1a ed.). Buenos Aires : Sudamericana. |
| 505 ## - NOTA DE CONTENIDO | |
| Nota de contenido formateada | Narrada en la voz de una joven mujer, ésta es una magnífica novela histórica, situada a finales del siglo XIX en Chile, y una portentosa saga familiar en la que reencontramos algunos personajes de Hija de la fortuna y de La casa de los espíritus, novelas cumbres en la obra de Isabel Allende. El tema principal es la memoria y los secretos de familia. La protagonista, Aurora del Valle, sufre una trauma brutal que determina su carácter y borra de su mente los primeros cinco años de su vida. Criada por su ambiciosa abuela, Paulina del Valle, crece en un ambiente privilegiado, libre de muchas de las limitaciones que oprimen a las mujeres de su época, pero atormentada por horribles pesadillas. Cuando debe afrontar la traición del hombre que ama y la soledad, decide explorar el misterio de su pasado. Una obra de extraordinaria dimensión humana que eleva la narrativa de la autora a cotas de perfección literaria. |
| 655 ## - MATERIA - GENERO/FORMA | |
| Género/Forma | Novela |
| -- | 3091 |
| 942 ## - ADDED ENTRY ELEMENTS (KOHA) | |
| Source of classification or shelving scheme | Dewey Decimal Classification |
| Item type | LITERATURA |
| Estado de retiro | Existencia | Fuente de clasificación | Estado general | No para prestamo | Ubicación permanente | ubicación actual | Sala de ubicación | Fecha de adquisición | Fuente de adquisición | Total Checkouts | Número de clasificación | Código de barras | Date last seen | Número de ejemplar | Price effective from | Koha tipo de elemento (item) | Public note | Coded location qualifier |
|---|---|---|---|---|---|---|---|---|---|---|---|---|---|---|---|---|---|---|
| Dewey Decimal Classification | Biblioteca Medicina | Biblioteca Medicina | Circulación | 25/07/2025 | Donación Guerra, Valeria. Julio 2025. | 808 3 ALL | 5069 | 28/07/2025 | Ej. 1 | 28/07/2025 | LITERATURA | Donación Guerra, Valeria. Julio 2025. Sede Tordos. |